000 00650nam a2200229Ia 4500
003 OSt
005 20220918192143.0
006 a|||||r|||| 00| 0
007 ta
008 220917b |||||||| |||| 00| 0 eng d
024 _a67,271
037 _cTextual
040 _aARTS
_cARTS
_beng
041 _2eng
_aeng
082 _aR2xM891,RE, M0.1
100 _aWittgenstein Ludwig
_914974
245 0 _aRemarks on the philosophy of psychology tr by G E M Anscombe
260 _aOxford
_bBasil Blackwell
_c1980
650 _aPHILOSOPHY
942 _hR2xM891,RE, M0.1
_cTEXL
_2CC
999 _c193504
_d193504